[Event "DEM U16w 2016"]
[Site "Willingen GER"]
[Date "2016.05.17"]
[Round "4"]
[White "Reinecke, Katharina"]
[Black "Gläser, Anne"]
[Result "1-0"]
[Termination "time forfeit"]
[Board "7"]
[WhiteElo "1842"]
[BlackElo "1304"]
[PlyCount "61"]
[WhiteFideId "12929727"]
[BlackFideId "16208765"]
[EventCountry "GER"]
[EventRounds "9"]
[EventType "swiss"]
[EventDate "2016.05.14"]

1. d4 d5 2. c4 c6 3. Nf3 e6 4. g3 f5 5. Bg2 Bd6 6. O-O Nf6 7. b3 Qe7 8. Bb2 O-O
9. Qc1 Nbd7 10. Ba3 b6 11. Bxd6 Qxd6 12. Nbd2 Bb7 13. Qb2 Ne4 14. Rac1 Rac8 15.
Rc2 Rc7 16. Rfc1 Rfc8 17. e3 Ba8 18. Bf1 Bb7 19. b4 h6 20. Rb1 Rb8 21. Qa3 Bc8
22. Rbc1 Rbb7 23. Qa4 Kh7 24. Nb3 Kg8 25. c5 bxc5 26. bxc5 Qe7 27. Na5 Rb8 28.
Nxc6 Rxc6 29. Qxc6 Ndf6 30. Ne5 Bb7 31. Qa4 1-0

[Event "DEM U16w 2016"]
[Site "Willingen GER"]
[Date "2016.05.17"]
[Round "4"]
[White "Schilay, Eva"]
[Black "Kail, Sindy"]
[Result "1/2-1/2"]
[Termination "normal"]
[Board "8"]
[WhiteElo "1540"]
[BlackElo "1728"]
[PlyCount "78"]
[WhiteFideId "12930164"]
[BlackFideId "12988502"]
[EventCountry "GER"]
[EventRounds "9"]
[EventType "swiss"]
[EventDate "2016.05.14"]

1. e4 c5 2. Nc3 Nc6 3. Nf3 d6 4. d4 cxd4 5. Nxd4 Nf6 6. Be3 e5 7. Nb3 Be6 8. f3
d5 9. exd5 Nxd5 10. Nxd5 Bxd5 11. Bb5 Qh4+ 12. Kf1 Rd8 13. Qe2 a6 14. Bf2 Qf6
15. Bxc6+ Bxc6 16. Re1 Bd6 17. Bc5 e4 18. Bd4 Be5 19. Bxe5 Qxe5 20. c3 O-O 21.
Nd4 Qxd4 22. cxd4 Bb5 23. Qxb5 axb5 24. Rxe4 f5 25. Re2 Rxd4 26. Kf2 Rfd8 27.
Rhe1 b4 28. Re5 g6 29. Re7 b5 30. R7e5 Ra8 31. Rxb5 Rxa2 32. Re2 Ra7 33. Rbe5
Kf7 34. Kg3 Rad7 35. Kf2 Rc4 36. Kg3 Rdc7 37. Kf2 Rc2 38. Ke1 b3 39. R5e3 Rxe2+
1/2-1/2

[Event "DEM U16w 2016"]
[Site "Willingen GER"]
[Date "2016.05.17"]
[Round "4"]
[White "Diener, Carolin Valeria"]
[Black "Sewald, Kathrin"]
[Result "0-1"]
[Termination "normal"]
[Board "9"]
[WhiteElo "1740"]
[BlackElo "1789"]
[PlyCount "78"]
[WhiteFideId "24699063"]
[BlackFideId "12964557"]
[EventCountry "GER"]
[EventRounds "9"]
[EventType "swiss"]
[EventDate "2016.05.14"]

1. e4 e5 2. Nf3 Nc6 3. Bb5 g6 4. O-O Bg7 5. c3 Nge7 6. d3 O-O 7. Nbd2 d6 8. Re1
Kh8 9. Nf1 Ng8 10. h3 Nce7 11. d4 c6 12. Ba4 Qc7 13. Bb3 h6 14. Be3 b6 15. Qe2
Nf6 16. Ng3 g5 17. dxe5 dxe5 18. Bxg5 hxg5 19. Nxg5 Ng6 20. Nh5 Nh7 21. Nxg7
Kxg7 22. Nxh7 Kxh7 23. Qh5+ Kg7 24. Re3 Qe7 25. Rg3 Rh8 26. Qf3 Rh4 27. Rd1 Rf4
28. Qe2 a5 29. a3 Ba6 30. c4 Rd8 31. Rgd3 Rxd3 32. Qxd3 Qc5 33. Qe2 b5 34. g3
Rf6 35. cxb5 Bxb5 36. Qd2 Rf3 37. Ba2 Rxg3+ 38. Kh2 Rd3 39. Qc1 Qxf2+ 0-1

[Event "DEM U16w 2016"]
[Site "Willingen GER"]
[Date "2016.05.17"]
[Round "4"]
[White "Habersetzer, Elyse"]
[Black "Christiansen, Anna"]
[Result "1-0"]
[Termination "normal"]
[Board "10"]
[WhiteElo "1638"]
[BlackElo "1503"]
[PlyCount "89"]
[WhiteFideId "16222288"]
[BlackFideId "12952230"]
[EventCountry "GER"]
[EventRounds "9"]
[EventType "swiss"]
[EventDate "2016.05.14"]

1. d4 Nf6 2. e3 g6 3. Bd3 Bg7 4. f4 d6 5. Nf3 Nbd7 6. O-O O-O 7. Nbd2 Re8 8. c3
e5 9. Qc2 Ng4 10. Nc4 exd4 11. exd4 Nf8 12. f5 d5 13. Na3 c6 14. Bg5 Qd6 15.
Rae1 Bd7 16. h3 Nh6 17. f6 Bxf6 18. Bxh6 Re6 19. Bxf8 Kxf8 20. Rxe6 Bxe6 21.
Qe2 Kg7 22. Ne5 a6 23. Ng4 Bxg4 24. Qxg4 Re8 25. Qf4 Qe7 26. Nc2 Qd8 27. Ne3 h5
28. Nc2 a5 29. Ne1 b6 30. Nf3 c5 31. dxc5 bxc5 32. Re1 Rxe1+ 33. Nxe1 Qb6 34.
Qf2 Qb8 35. Bb1 d4 36. c4 Bg5 37. Qe2 Be3+ 38. Kh1 Kh6 39. Nd3 Qc7 40. Qf3 f5
41. Qd5 Kg5 42. Qxc5 Qd8 43. Qe5 a4 44. c5 Qc8 45. Qd6 1-0

[Event "DEM U16w 2016"]
[Site "Willingen GER"]
[Date "2016.05.17"]
[Round "4"]
[White "Lange, Cecilia"]
[Black "Sauer, Annika"]
[Result "1/2-1/2"]
[Termination "normal"]
[Board "11"]
[WhiteElo "1841"]
[BlackElo "1596"]
[PlyCount "67"]
[WhiteFideId "12976040"]
[BlackFideId "12952052"]
[EventCountry "GER"]
[EventRounds "9"]
[EventType "swiss"]
[EventDate "2016.05.14"]

1. e4 g6 2. d4 d6 3. Nf3 Bg7 4. c4 Nf6 5. Nc3 O-O 6. Be2 Nbd7 7. O-O e5 8. dxe5
Nxe5 9. Bf4 Nh5 10. Bxe5 dxe5 11. Qxd8 Rxd8 12. Nd5 c6 13. Ne7+ Kf8 14. Nxc8
Raxc8 15. g3 Bf6 16. Rfd1 Ng7 17. Ne1 Rxd1 18. Rxd1 Rd8 19. Nd3 Ne6 20. Kf1 b6
21. Nb4 Rxd1+ 22. Bxd1 Nd4 23. Ba4 b5 24. cxb5 cxb5 25. Bd1 a5 26. Nd5 Bd8 27.
a3 Ke8 28. Be2 Nxe2 29. Kxe2 Kd7 30. Kd3 Kd6 31. f3 g5 32. Kc3 f5 33. Kd3 f4
34. g4 1/2-1/2

[Event "DEM U16w 2016"]
[Site "Willingen GER"]
[Date "2016.05.17"]
[Round "4"]
[White "Jörs, Pia-Milena"]
[Black "Weiten, Anna"]
[Result "1-0"]
[Termination "normal"]
[Board "12"]
[WhiteElo "1568"]
[BlackElo "1415"]
[PlyCount "67"]
[WhiteFideId "12964646"]
[BlackFideId "12938203"]
[EventCountry "GER"]
[EventRounds "9"]
[EventType "swiss"]
[EventDate "2016.05.14"]

1. d4 d5 2. c4 e6 3. Nc3 c5 4. cxd5 exd5 5. Nf3 Nc6 6. Bg5 f6 7. Bc1 Bf5 8. e3
c4 9. b3 Nb4 10. e4 dxe4 11. Nh4 Be6 12. bxc4 g5 13. d5 gxh4 14. dxe6 Qxd1+ 15.
Kxd1 O-O-O+ 16. Ke2 Rd4 17. Nb5 Rxc4 18. Nxa7+ Kb8 19. Nb5 Rc2+ 20. Ke1 Nxa2
21. Bf4+ Ka8 22. Nc7+ Ka7 23. Be3+ Kb8 24. Nd5 Kc8 25. g3 hxg3 26. hxg3 Bd6 27.
Bh3 Ne7 28. Nxe7+ Bxe7 29. Bf5 Bb4+ 30. Kf1 Kd8 31. Bxe4 Rb2 32. Bd4 Rd2 33.
Bxf6+ Ke8 34. Bxh8 1-0

[Event "DEM U16w 2016"]
[Site "Willingen GER"]
[Date "2016.05.17"]
[Round "4"]
[White "ter Stal, Esther"]
[Black "Duan, Muxi"]
[Result "1/2-1/2"]
[Termination "normal"]
[Board "13"]
[WhiteElo "1597"]
[BlackElo "1246"]
[PlyCount "88"]
[WhiteFideId "12944467"]
[BlackFideId "12971960"]
[EventCountry "GER"]
[EventRounds "9"]
[EventType "swiss"]
[EventDate "2016.05.14"]

1. d4 d5 2. Nf3 Nf6 3. c4 c6 4. c5 Bg4 5. e3 e6 6. h3 Bxf3 7. Qxf3 Nbd7 8. Nc3
Be7 9. Bd3 O-O 10. O-O b6 11. b4 e5 12. Bc2 e4 13. Qe2 Re8 14. Bd2 Qc7 15. Rfc1
Rab8 16. cxb6 Nxb6 17. a3 Nc4 18. Nxe4 Nxe4 19. Bxe4 Nxd2 20. Bxd5 Qd6 21. Bxc6
Rec8 22. Qxd2 Rxc6 23. Rxc6 Qxc6 24. Rc1 Qa4 25. Qd3 g6 26. e4 Rd8 27. Re1 f6
28. e5 fxe5 29. Rxe5 Bf6 30. Ra5 Qd7 31. Qc4+ Kf8 32. d5 Re8 33. Kf1 Qe7 34.
Qc5 Bd4 35. Qxe7+ Rxe7 36. d6 Rd7 37. Rd5 Bf6 38. Rc5 Ke8 39. Ke2 Rxd6 40. Rc7
Rd7 41. Rc4 Bb2 42. a4 h6 43. Rc6 Kf7 44. b5 Bd4 1/2-1/2

[Event "DEM U16w 2016"]
[Site "Willingen GER"]
[Date "2016.05.17"]
[Round "5"]
[White "Hartmann, Cora"]
[Black "Leser, Katrin"]
[Result "0-1"]
[Termination "normal"]
[Board "1"]
[WhiteElo "1828"]
[BlackElo "1894"]
[WhiteClock "00:02:19"]
[BlackClock "00:05:09"]
[PlyCount "74"]
[WhiteFideId "16200764"]
[BlackFideId "12997692"]
[EventCountry "GER"]
[EventRounds "9"]
[EventType "swiss"]
[EventDate "2016.05.14"]

1. e4 e5 2. Nf3 Nc6 3. Bc4 Bc5 4. d3 Nf6 5. c3 a6 6. Bb3 d6 7. Nbd2 Ba7 8. O-O
O-O 9. Re1 Re8 10. Nf1 h6 11. Ng3 Be6 12. Be3 Bxe3 13. fxe3 d5 14. exd5 Bxd5
15. d4 exd4 16. exd4 Rxe1+ 17. Nxe1 Na5 18. Bxd5 Qxd5 19. Nd3 Re8 20. Qf1 Qe6
21. b3 Qe3+ 22. Kh1 Qd2 23. Ne5 Qxc3 24. Nf5 Nc6 25. Rc1 Qd2 26. Nxc6 bxc6 27.
Rd1 Qc2 28. Rc1 Qe4 29. h3 Re6 30. Rc3 g6 31. Nxh6+ Kg7 32. Ng4 Nxg4 33. hxg4
Qxg4 34. Qf2 Re2 35. Qf3 Re1+ 36. Kh2 Qh4+ 37. Qh3 Qxd4 0-1

[Event "DEM U16w 2016"]
[Site "Willingen GER"]
[Date "2016.05.17"]
[Round "5"]
[White "Sieber, Fiona"]
[Black "Köhler, Inken"]
[Result "1-0"]
[Termination "normal"]
[Board "2"]
[WhiteTitle "WFM"]
[WhiteElo "2236"]
[BlackElo "1968"]
[WhiteClock "00:26:54"]
[BlackClock "00:18:48"]
[PlyCount "147"]
[WhiteFideId "12902373"]
[BlackFideId "12929301"]
[EventCountry "GER"]
[EventRounds "9"]
[EventType "swiss"]
[EventDate "2016.05.14"]

1. e4 e6 2. d4 d5 3. Nc3 dxe4 4. Nxe4 Bd7 5. Nf3 Bc6 6. Ned2 Nd7 7. Bd3 Ngf6 8.
O-O Be7 9. Nc4 Bxf3 10. Qxf3 c6 11. Bf4 O-O 12. c3 Nb6 13. Ne5 Nbd5 14. Bg3 Re8
15. Rad1 Qa5 16. Bb1 Rad8 17. Rfe1 Qb6 18. Nd3 Nd7 19. Qh5 N5f6 20. Qe2 Nf8 21.
Bf4 Ng6 22. Bc1 Qc7 23. Qf3 Bd6 24. Bg5 Be7 25. Ne5 Rd5 26. Qg3 Nh5 27. Qg4 Nf6
28. Qh3 Nxe5 29. dxe5 Rxe5 30. Bxf6 Bxf6 31. Bxh7+ Kf8 32. Be4 Rd8 33. Qf3 Ke7
34. g3 Ra5 35. Rxd8 Qxd8 36. Rd1 Qc7 37. a3 Ra6 38. Qd3 c5 39. Bxb7 Rd6 40.
Qxd6+ Qxd6 41. Rxd6 Kxd6 42. Kf1 e5 43. h4 Bd8 44. Ke2 Be7 45. Kd3 Bd8 46. Kc4
Bb6 47. g4 Bd8 48. g5 f5 49. Bc8 f4 50. Bb7 Be7 51. f3 Bd8 52. Bd5 Be7 53. Be4
Bd8 54. Kb5 Bb6 55. h5 Ke6 56. h6 gxh6 57. gxh6 Kf7 58. h7 Kg7 59. a4 Kh8 60.
a5 Bc7 61. Kxc5 Bxa5 62. c4 Bb6+ 63. Kd6 Bd4 64. b4 a6 65. Kc6 Bc3 66. Kb6 Bxb4
67. Kxa6 Bd6 68. Kb6 Be7 69. c5 Kg7 70. c6 Bd6 71. c7 Bxc7+ 72. Kxc7 Kh8 73.
Kd6 Kg7 74. Kxe5 1-0

[Event "DEM U16w 2016"]
[Site "Willingen GER"]
[Date "2016.05.17"]
[Round "5"]
[White "Moses, Selina"]
[Black "Rogozenco, Teodora"]
[Result "1/2-1/2"]
[Termination "normal"]
[Board "3"]
[WhiteElo "1767"]
[BlackElo "2104"]
[WhiteClock "00:29:16"]
[BlackClock "00:09:40"]
[PlyCount "81"]
[WhiteFideId "12908070"]
[BlackFideId "12938084"]
[EventCountry "GER"]
[EventRounds "9"]
[EventType "swiss"]
[EventDate "2016.05.14"]

1. e4 e5 2. Nf3 Nc6 3. Bb5 a6 4. Bxc6 dxc6 5. O-O Bg4 6. h3 Bh5 7. g4 Bg6 8.
Nxe5 Qh4 9. Qf3 f6 10. Nxg6 hxg6 11. Kg2 g5 12. Qg3 Qh7 13. d3 Bd6 14. Qf3 Ne7
15. Rh1 Ng6 16. Kf1 Nh4 17. Qe2 O-O-O 18. Nd2 g6 19. Nf3 Nxf3 20. Qxf3 Rhf8 21.
d4 c5 22. c3 cxd4 23. cxd4 Bb4 24. Be3 Rde8 25. Qg2 Qe7 26. f3 f5 27. e5 f4 28.
Bd2 Qe6 29. Qe2 Bxd2 30. Qxd2 Rd8 31. Qc3 Qb6 32. Rd1 Rd5 33. Rh2 Rfd8 34. Rhd2
Qb5+ 35. Kg2 Qd7 36. b4 Kb8 37. Qd3 Qe6 38. Qc2 Qb6 39. Qc3 Qe6 40. a3 Qd7 41.
Qc2 1/2-1/2

[Event "DEM U16w 2016"]
[Site "Willingen GER"]
[Date "2016.05.17"]
[Round "5"]
[White "Halas, Julia"]
[Black "Sanati, Charlotte"]
[Result "0-1"]
[Termination "normal"]
[Board "4"]
[WhiteElo "1880"]
[BlackElo "1915"]
[WhiteClock "00:19:42"]
[BlackClock "00:14:29"]
[PlyCount "88"]
[WhiteFideId "12931810"]
[BlackFideId "12907707"]
[EventCountry "GER"]
[EventRounds "9"]
[EventType "swiss"]
[EventDate "2016.05.14"]

1. d4 d5 2. c4 c6 3. Nf3 Nf6 4. Nc3 e6 5. Bg5 Nbd7 6. e3 Qa5 7. cxd5 Nxd5 8.
Qc2 Bb4 9. Kd2 c5 10. Bd3 cxd4 11. exd4 N7b6 12. Rhc1 Na4 13. Qb3 f6 14. Be3
Bd7 15. a3 Bxc3+ 16. bxc3 b5 17. Be4 Rc8 18. Bxd5 exd5 19. Qb4 Qc7 20. h3 a5
21. Qb3 Qc6 22. Ne1 Bf5 23. Nd3 O-O 24. Nf4 Rfd8 25. g4 Be4 26. Ne2 Nb6 27. Ng3
Nc4+ 28. Ke2 Re8 29. Nxe4 Rxe4 30. a4 Qe6 31. Qxb5 Nxe3 32. fxe3 Rxe3+ 33. Kd2
Re8 34. Kc2 Qd6 35. Rd1 Re2+ 36. Rd2 Rxd2+ 37. Kxd2 Qh2+ 38. Kd1 Kf8 39. Qc5+
Re7 40. Kc1 Qxh3 41. Kb2 Qg2+ 42. Ka3 Kf7 43. Qxa5 Rb7 44. Ra2 Qh1 0-1

[Event "DEM U16w 2016"]
[Site "Willingen GER"]
[Date "2016.05.17"]
[Round "5"]
[White "Ley, Sabrina"]
[Black "Reinecke, Katharina"]
[Result "1/2-1/2"]
[Termination "normal"]
[Board "5"]
[WhiteElo "1816"]
[BlackElo "1842"]
[WhiteClock "00:03:57"]
[BlackClock "00:02:10"]
[PlyCount "69"]
[WhiteFideId "12938130"]
[BlackFideId "12929727"]
[EventCountry "GER"]
[EventRounds "9"]
[EventType "swiss"]
[EventDate "2016.05.14"]

1. e4 c6 2. Nc3 d5 3. Nf3 Bg4 4. h3 Bxf3 5. Qxf3 e6 6. d3 Nf6 7. Bd2 Be7 8. g4
d4 9. Ne2 c5 10. O-O-O Nc6 11. g5 Nd7 12. h4 b5 13. Qg3 Rc8 14. Bh3 c4 15. h5
cxd3 16. Qxd3 Bxg5 17. Bxg5 Qxg5+ 18. f4 Qc5 19. Rd2 a6 20. Nxd4 Nxd4 21. Qxd4
Qxd4 22. Rxd4 Nf6 23. Bg2 Rc5 24. Bf3 O-O 25. e5 Nd5 26. Bxd5 Rxd5 27. Rxd5
exd5 28. Rd1 Rd8 29. b3 Kf8 30. Kb2 Ke7 31. Rd4 f6 32. exf6+ Kxf6 33. a4 bxa4
34. Rxa4 Rd6 35. Rd4 1/2-1/2

[Event "DEM U16w 2016"]
[Site "Willingen GER"]
[Date "2016.05.17"]
[Round "5"]
[White "Simon, Tessa"]
[Black "Wächter, Nathalie"]
[Result "0-1"]
[Termination "normal"]
[Board "6"]
[WhiteElo "1927"]
[BlackElo "1974"]
[WhiteClock "00:00:41"]
[BlackClock "00:01:24"]
[PlyCount "76"]
[WhiteFideId "12929395"]
[BlackFideId "12921033"]
[EventCountry "GER"]
[EventRounds "9"]
[EventType "swiss"]
[EventDate "2016.05.14"]

1. e4 e5 2. Nf3 Nc6 3. Bb5 a6 4. Ba4 Nf6 5. O-O d6 6. Re1 Be7 7. c3 O-O 8. h3
b5 9. Bc2 Nb8 10. d4 Nbd7 11. Nbd2 Re8 12. Nf1 Bf8 13. Ng3 g6 14. a4 Bb7 15.
Bd3 c6 16. b3 Qc7 17. Bb2 Bg7 18. Qd2 Rab8 19. Ra3 Ba8 20. axb5 axb5 21. Rea1
Bb7 22. Bc1 Qb6 23. Qb2 exd4 24. cxd4 c5 25. Be3 Nxe4 26. Nxe4 Bxe4 27. Bxe4
Rxe4 28. Ra6 Qc7 29. Ra7 Qc8 30. R1a6 cxd4 31. Bxd4 Bxd4 32. Nxd4 Nc5 33. Rxd6
Nd3 34. Qd2 Re1+ 35. Kh2 Qc5 36. Nxb5 Qe5+ 37. g3 Re2 38. Qxd3 Rxf2+ 0-1

[Event "DEM U16w 2016"]
[Site "Willingen GER"]
[Date "2016.05.17"]
[Round "5"]
[White "Ratay, Meike"]
[Black "Schilay, Eva"]
[Result "1/2-1/2"]
[Termination "normal"]
[Board "7"]
[WhiteElo "1688"]
[BlackElo "1540"]
[PlyCount "106"]
[WhiteFideId "12977608"]
[BlackFideId "12930164"]
[EventCountry "GER"]
[EventRounds "9"]
[EventType "swiss"]
[EventDate "2016.05.14"]

1. e4 d5 2. exd5 Qxd5 3. Nc3 Qd6 4. d4 Nf6 5. Bc4 a6 6. Nf3 b5 7. Bb3 Bb7 8.
O-O e6 9. Re1 Be7 10. Ng5 Nd5 11. Nce4 Qb6 12. a4 b4 13. a5 Qa7 14. c4 bxc3 15.
bxc3 h6 16. Nf3 Nd7 17. c4 N5f6 18. d5 Nxe4 19. Rxe4 O-O 20. Be3 Bc5 21. Bxc5
Nxc5 22. Re3 Nxb3 23. Qxb3 exd5 24. cxd5 Rad8 25. Rd1 Qa8 26. Red3 Rd6 27. Qc4
Rfd8 28. Qxc7 Rxd5 29. Rxd5 Rxd5 30. Rb1 Rb5 31. Rxb5 axb5 32. Ne5 Bd5 33. f3
Be6 34. Nc6 Bc4 35. Kf2 Bd5 36. Qb8+ Qxb8 37. Nxb8 Kf8 38. Ke3 Ke7 39. Kd4 Kd6
40. Na6 Ba8 41. Nc5 f6 42. Nd3 Bd5 43. Nf4 Bf7 44. a6 Kc6 45. a7 Kb7 46. Kc5
Bc4 47. Nh5 g6 48. Nxf6 Kxa7 49. Ng4 Ka6 50. Kb4 Bf1 51. Nxh6 Bxg2 52. f4 Be4
53. Nf7 Kb6 1/2-1/2

[Event "DEM U16w 2016"]
[Site "Willingen GER"]
[Date "2016.05.17"]
[Round "5"]
[White "Kail, Sindy"]
[Black "Habersetzer, Elyse"]
[Result "1/2-1/2"]
[Termination "normal"]
[Board "8"]
[WhiteElo "1728"]
[BlackElo "1638"]
[PlyCount "64"]
[WhiteFideId "12988502"]
[BlackFideId "16222288"]
[EventCountry "GER"]
[EventRounds "9"]
[EventType "swiss"]
[EventDate "2016.05.14"]

1. e4 e6 2. d4 d5 3. Nd2 dxe4 4. Nxe4 Nd7 5. Bd3 Ngf6 6. Qe2 b6 7. Nf3 Bb7 8.
Bd2 Be7 9. Ne5 O-O 10. O-O c5 11. Nxf7 Rxf7 12. Ng5 Qe8 13. Rae1 Bd8 14. Nxf7
Kxf7 15. dxc5 Nxc5 16. Bc4 Bd5 17. Bxd5 exd5 18. Qf3 Qd7 19. Rd1 Kg8 20. c4
Nce4 21. Bb4 Qa4 22. a3 dxc4 23. Rfe1 Bc7 24. Qf5 Qc6 25. f3 Nc5 26. Kh1 Nd3
27. Re2 Re8 28. Rdd2 Nxb4 29. axb4 Qa4 30. Rxe8+ Qxe8 31. Rd1 Bd6 32. b5 Bb4
1/2-1/2

[Event "DEM U16w 2016"]
[Site "Willingen GER"]
[Date "2016.05.17"]
[Round "5"]
[White "Sewald, Kathrin"]
[Black "Jörs, Pia-Milena"]
[Result "1/2-1/2"]
[Termination "normal"]
[Board "9"]
[WhiteElo "1789"]
[BlackElo "1568"]
[PlyCount "75"]
[WhiteFideId "12964557"]
[BlackFideId "12964646"]
[EventCountry "GER"]
[EventRounds "9"]
[EventType "swiss"]
[EventDate "2016.05.14"]

1. e4 c6 2. d4 d5 3. f3 e6 4. Nc3 Nf6 5. Bf4 Be7 6. Qd3 b6 7. Nge2 Ba6 8. Qe3
Nh5 9. Be5 Nd7 10. exd5 cxd5 11. Ng3 Nxg3 12. Bxg3 Bxf1 13. Rxf1 Bh4 14. Nxd5
Bxg3+ 15. hxg3 O-O 16. Nc3 Re8 17. O-O-O Rc8 18. Rh1 a6 19. Qd3 Qg5+ 20. Kb1
Qg6 21. Ne4 Ra8 22. d5 exd5 23. Qxd5 Nf6 24. Nxf6+ Qxf6 25. Rhe1 Rad8 26. Rxe8+
Rxe8 27. Qd3 b5 28. Kc1 Qg5+ 29. f4 Qe7 30. Rh1 g6 31. Rd1 Qe3+ 32. Qxe3 Rxe3
33. Rd3 Re2 34. Rd2 Re1+ 35. Rd1 Re3 36. Kd2 Rxg3 37. Rg1 g5 38. fxg5 1/2-1/2

[Event "DEM U16w 2016"]
[Site "Willingen GER"]
[Date "2016.05.17"]
[Round "5"]
[White "Gläser, Anne"]
[Black "Lange, Cecilia"]
[Result "0-1"]
[Termination "normal"]
[Board "10"]
[WhiteElo "1304"]
[BlackElo "1841"]
[PlyCount "86"]
[WhiteFideId "16208765"]
[BlackFideId "12976040"]
[EventCountry "GER"]
[EventRounds "9"]
[EventType "swiss"]
[EventDate "2016.05.14"]

1. e4 e6 2. d4 d5 3. exd5 exd5 4. c4 Nf6 5. Nf3 Nc6 6. Nc3 Bg4 7. cxd5 Nxd5 8.
Be2 Bb4 9. Qd3 h6 10. O-O O-O 11. Bd2 Qd7 12. Nxd5 Qxd5 13. Bc3 Rad8 14. Rfd1
Rfe8 15. h3 Bh5 16. g4 Bg6 17. Qc4 Be4 18. Qxd5 Bxd5 19. Rd2 Bd6 20. b3 Bf4 21.
Rc2 b6 22. Rd1 Rxe2 23. Rxe2 Bxf3 24. Red2 Bxd1 25. Rxd1 Be5 26. Re1 Bxd4 27.
Bxd4 Nxd4 28. Kg2 Kf8 29. f4 Ne6 30. Kf3 Rd3+ 31. Ke4 Rd4+ 32. Ke3 Rxf4 33. Re2
c5 34. Rd2 Rd4 35. Rc2 Ke7 36. Rf2 c4 37. bxc4 Rxc4 38. Kd3 Ra4 39. Kc3 Ra3+
40. Kb4 Rxh3 41. Kb5 Rc3 42. Ka6 Rc7 43. Kb5 Nd4+ 0-1

[Event "DEM U16w 2016"]
[Site "Willingen GER"]
[Date "2016.05.17"]
[Round "5"]
[White "Sauer, Annika"]
[Black "Diener, Carolin Valeria"]
[Result "1/2-1/2"]
[Termination "normal"]
[Board "11"]
[WhiteElo "1596"]
[BlackElo "1740"]
[PlyCount "44"]
[WhiteFideId "12952052"]
[BlackFideId "24699063"]
[EventCountry "GER"]
[EventRounds "9"]
[EventType "swiss"]
[EventDate "2016.05.14"]

1. d4 d5 2. Nf3 Nf6 3. e3 c6 4. Bd3 Bg4 5. Nbd2 Nbd7 6. h3 Bxf3 7. Nxf3 Qc7 8.
O-O e5 9. dxe5 Nxe5 10. Nxe5 Qxe5 11. Re1 O-O-O 12. Qf3 Bd6 13. Qf5+ Kb8 14.
Qxe5 Bxe5 15. f4 Bd6 16. Bd2 Bc5 17. Bc3 Rde8 18. Kf2 h6 19. Bxf6 gxf6 20. c3
Re7 21. Re2 Rhe8 22. Rae1 Kc7 1/2-1/2

[Event "DEM U16w 2016"]
[Site "Willingen GER"]
[Date "2016.05.18"]
[Round "6"]
[White "Wächter, Nathalie"]
[Black "Leser, Katrin"]
[Result "1-0"]
[Termination "normal"]
[Board "1"]
[WhiteElo "1974"]
[BlackElo "1894"]
[WhiteClock "00:32:03"]
[BlackClock "00:27:19"]
[PlyCount "87"]
[WhiteFideId "12921033"]
[BlackFideId "12997692"]
[EventCountry "GER"]
[EventRounds "9"]
[EventType "swiss"]
[EventDate "2016.05.14"]

1. d4 d5 2. c4 e6 3. Nc3 Nf6 4. cxd5 exd5 5. Bg5 Be7 6. e3 h6 7. Bh4 O-O 8. Qc2
b6 9. Bd3 Bb7 10. Nf3 Nbd7 11. O-O c5 12. Rfd1 Rc8 13. Bf5 a6 14. Ne5 Rc7 15.
Nxd7 Nxd7 16. Bg3 Rc6 17. Nxd5 cxd4 18. Qe4 Bd6 19. Bh4 Nc5 20. Bxd8 Nxe4 21.
Ne7+ Bxe7 22. Bxe7 Nxf2 23. Kxf2 dxe3+ 24. Kxe3 Re8 25. Rd8 Rxd8 26. Bxd8 g6
27. Bg4 Rd6 28. Bc7 Rc6 29. Be5 f6 30. Bd7 fxe5 31. Bxc6 Bxc6 32. g3 Kf7 33.
Rc1 Bd5 34. Rc7+ Kf6 35. a3 a5 36. Rd7 Ke6 37. Rh7 h5 38. Ra7 Bc4 39. a4 Bb3
40. Ra6 Bxa4 41. Rxb6+ Kf5 42. Ra6 Bc2 43. Rxa5 Be4 44. b4 1-0

[Event "DEM U16w 2016"]
[Site "Willingen GER"]
[Date "2016.05.18"]
[Round "6"]
[White "Sanati, Charlotte"]
[Black "Sieber, Fiona"]
[Result "0-1"]
[Termination "normal"]
[Board "2"]
[BlackTitle "WFM"]
[WhiteElo "1915"]
[BlackElo "2236"]
[WhiteClock "00:07:03"]
[BlackClock "00:13:15"]
[PlyCount "110"]
[WhiteFideId "12907707"]
[BlackFideId "12902373"]
[EventCountry "GER"]
[EventRounds "9"]
[EventType "swiss"]
[EventDate "2016.05.14"]

1. d4 Nf6 2. c4 e6 3. Nc3 Bb4 4. Qc2 O-O 5. Nf3 d5 6. cxd5 exd5 7. Bf4 c6 8. e3
Re8 9. Bd3 Nbd7 10. O-O Nf8 11. h3 Ng6 12. Bg5 Be7 13. Bxf6 Bxf6 14. Ne2 Be7
15. Ng3 Bd6 16. Nf5 Bc7 17. Rfe1 Qf6 18. Rad1 Nf8 19. N5h4 Be6 20. e4 dxe4 21.
Bxe4 Rad8 22. Nf5 Ba5 23. Re3 Ng6 24. Ng3 Bb6 25. Ne2 Kh8 26. Rd2 Ne7 27. Ne5
g6 28. Rf3 Qg7 29. Nf4 Rxd4 30. Nxe6 fxe6 31. Nf7+ Kg8 32. Rxd4 Bxd4 33. Nd6
Rb8 34. Rf7 Qe5 35. Nc4 Qc5 36. Rf4 Nf5 37. g4 Ne7 38. Qd3 Rf8 39. Rxf8+ Kxf8
40. Qf3+ Kg7 41. b3 Nd5 42. h4 Nc3 43. Bd3 Nxa2 44. h5 Nb4 45. Be4 Nd5 46. Qg3
e5 47. Qh4 Nf6 48. Bd3 e4 49. Be2 b5 50. hxg6 bxc4 51. g5 Bxf2+ 52. Qxf2 Qxg5+
53. Kf1 e3 54. Qf3 hxg6 55. Bxc4 Qf5 0-1

[Event "DEM U16w 2016"]
[Site "Willingen GER"]
[Date "2016.05.18"]
[Round "6"]
[White "Rogozenco, Teodora"]
[Black "Hartmann, Cora"]
[Result "0-1"]
[Termination "normal"]
[Board "3"]
[WhiteElo "2104"]
[BlackElo "1828"]
[WhiteClock "00:01:16"]
[BlackClock "00:01:22"]
[PlyCount "72"]
[WhiteFideId "12938084"]
[BlackFideId "16200764"]
[EventCountry "GER"]
[EventRounds "9"]
[EventType "swiss"]
[EventDate "2016.05.14"]

1. d4 d5 2. c4 c6 3. Nc3 Nf6 4. e3 Bf5 5. cxd5 cxd5 6. Qb3 Bc8 7. Nf3 e6 8. Ne5
Nc6 9. f4 Be7 10. Bd3 O-O 11. O-O Na5 12. Qc2 g6 13. Rf3 Nd7 14. Nxg6 hxg6 15.
Bxg6 Bh4 16. Rh3 f5 17. Nxd5 exd5 18. Bxf5 Qf6 19. Bh7+ Kg7 20. g3 Bg5 21. Bd2
Nc4 22. Bb4 Qe6 23. g4 Nxe3 24. Bxf8+ Nxf8 25. Qc7+ Bd7 26. fxg5 Nxh7 27. Re1
Rc8 28. Qxb7 Re8 29. Rexe3 Qxg4+ 30. Kf2 Qf4+ 31. Kg2 Qg4+ 32. Kf2 Qf4+ 33. Ke2
Qg4+ 34. Kd3 Qd1+ 35. Kc3 Rc8+ 36. Kb4 Qxd4+ 0-1

[Event "DEM U16w 2016"]
[Site "Willingen GER"]
[Date "2016.05.18"]
[Round "6"]
[White "Köhler, Inken"]
[Black "Ley, Sabrina"]
[Result "1-0"]
[Termination "normal"]
[Board "4"]
[WhiteElo "1968"]
[BlackElo "1816"]
[WhiteClock "00:43:13"]
[BlackClock "00:24:34"]
[PlyCount "89"]
[WhiteFideId "12929301"]
[BlackFideId "12938130"]
[EventCountry "GER"]
[EventRounds "9"]
[EventType "swiss"]
[EventDate "2016.05.14"]

1. e4 c5 2. Nf3 e6 3. d4 cxd4 4. c3 d5 5. exd5 exd5 6. Nxd4 Nc6 7. Bb5 Bd7 8.
O-O Bd6 9. Re1+ Nge7 10. Be3 O-O 11. Nd2 Qc7 12. h3 Nxd4 13. Bxd7 Qxd7 14. Bxd4
Nf5 15. Nf3 Nxd4 16. Qxd4 Rfd8 17. Rad1 Qc7 18. Qe3 Bc5 19. Nd4 h6 20. Qf3 Qb6
21. Nb3 Rd7 22. Nxc5 Qxc5 23. Rd4 Rad8 24. Red1 Qe7 25. g3 Qe6 26. Kg2 Kh8 27.
R1d2 Kg8 28. Qd1 Qc6 29. Kg1 b5 30. R2d3 Qb7 31. b3 Rc7 32. Qd2 Qc8 33. Rxd5
Rxd5 34. Rxd5 Qxh3 35. Rd8+ Kh7 36. Qd3+ g6 37. Qd4 f6 38. Qxf6 Rg7 39. Qf8 g5
40. Qh8+ Kg6 41. Rd6+ Kf7 42. Rd8 Kg6 43. Qe8+ Kh7 44. Qe4+ Rg6 45. Rd6 1-0